[Event "NK AB Meisjes"]
[Site "Chess.com"]
[Date "2020.05.01"]
[Round "1"]
[White "Basa, Manasvita"]
[Black "Feng, Elysia"]
[Result "1-0"]
[WhiteElo "1651"]
[BlackElo "1283"]
[PlyCount "57"]
[EventDate "2020.??.??"]

1. e4 e5 2. Nf3 Nc6 3. Bb5 a6 4. Ba4 Nf6 5. Qe2 b5 6. Bb3 Bc5 7. d3 h6 8. c3 d6
9. Nbd2 Bg4 10. h3 Bh5 11. Nf1 Bb6 12. Ng3 Bg6 13. O-O O-O 14. Be3 Bxe3 15.
Qxe3 Qd7 16. Nh4 Bh7 17. Nhf5 Ne7 18. Nxe7+ Qxe7 19. f4 exf4 20. Qxf4 Rad8 21.
Rae1 c6 22. Nf5 Qe5 23. Nxh6+ Kh8 24. Nxf7+ Rxf7 25. Bxf7 Qxf4 26. Rxf4 Rd7 27.
Bb3 Nh5 28. Rf8+ Bg8 29. Bxg8 1-0

[Event "NK AB Meisjes"]
[Site "Chess.com"]
[Date "2020.05.01"]
[Round "1"]
[White "Velasco, Kathleen"]
[Black "Arnold, Kiri"]
[Result "0-1"]
[WhiteElo "1486"]
[BlackElo "1870"]
[PlyCount "61"]
[EventDate "2020.??.??"]

1. e4 c5 2. Nf3 Nc6 3. d4 cxd4 4. Nxd4 e5 5. Nb5 d6 6. N1c3 a6 7. Na3 Be6 8.
Be3 Nf6 9. f3 d5 10. exd5 Nxd5 11. Nxd5 Bxa3 12. bxa3 Bxd5 13. Bd3 O-O 14. O-O
f5 15. Bc5 Rf6 16. c4 Be6 17. Qc2 Rc8 18. Bf2 Nd4 19. Qc3 b5 20. Bh4 bxc4 21.
Bxf6 Qxf6 22. Qd2 cxd3 23. Rac1 Ne2+ 24. Kh1 Nxc1 25. Rxc1 Rxc1+ 26. Qxc1 Qh6
27. Qc3 d2 28. Qc2 Qe3 29. h3 Qe1+ 30. Kh2 d1=Q 31. Qxd1 0-1

[Event "NK AB Meisjes"]
[Site "Chess.com"]
[Date "2020.05.01"]
[Round "1"]
[White "Warnaar, Alisha"]
[Black "Van Essen, Marieke"]
[Result "1-0"]
[WhiteElo "2407"]
[BlackElo "1550"]
[PlyCount "49"]
[EventDate "2020.??.??"]

1. e4 e5 2. Nf3 Nc6 3. Bb5 a6 4. Ba4 b5 5. Bb3 Bc5 6. Nxe5 Bxf2+ 7. Kxf2 Nxe5
8. Rf1 Nf6 9. Kg1 O-O 10. d4 Nc6 11. Nc3 h6 12. a4 b4 13. e5 Ne8 14. Nd5 d6 15.
Qh5 Nxd4 16. Bxh6 Ne6 17. Nf6+ Nxf6 18. exf6 d5 19. fxg7 Nxg7 20. Bxg7 Kxg7 21.
Bxd5 Be6 22. Bxa8 Qxa8 23. Qg5+ Kh7 24. Rf4 Qa7+ 25. Kh1 1-0

[Event "NK AB Meisjes"]
[Site "Chess.com"]
[Date "2020.05.01"]
[Round "1"]
[White "Huang, Luna"]
[Black "Cordes, Jule"]
[Result "0-1"]
[WhiteElo "1150"]
[BlackElo "1650"]
[PlyCount "82"]
[EventDate "2020.??.??"]

1. e4 c5 2. Nf3 g6 3. d4 cxd4 4. Nxd4 Bg7 5. Nc3 Nc6 6. Be3 Nf6 7. f3 d5 8.
exd5 Nxd5 9. Nxc6 bxc6 10. Nxd5 cxd5 11. Bb5+ Bd7 12. Bxd7+ Qxd7 13. Bd4 e5 14.
Bf2 O-O 15. O-O Rac8 16. Rc1 Rfd8 17. Re1 Qa4 18. b3 Qd7 19. Bg3 Re8 20. c4 d4
21. Qd3 f5 22. Re2 Re6 23. Rce1 Rce8 24. Kf1 Qc6 25. Kg1 e4 26. fxe4 fxe4 27.
Qb1 d3 28. Rd2 Bc3 29. Qd1 Bxd2 30. Qxd2 Qd7 31. Re3 Qd4 32. Bf2 Qd7 33. Bg3
Qf7 34. Bf2 Rf8 35. h3 Rf6 36. Bg3 Rf1+ 37. Kh2 Qf5 38. a4 Re8 39. b4 Qh5 40.
c5 Qd1 41. Qa2+ Kg7 0-1

[Event "NK AB Meisjes"]
[Site "Chess.com"]
[Date "2020.05.01"]
[Round "1"]
[White "Bertholee, Arjuna"]
[Black "Verheij, Dana"]
[Result "1-0"]
[WhiteElo "1379"]
[BlackElo "1694"]
[PlyCount "89"]
[EventDate "2020.??.??"]

1. e4 c5 2. Nc3 Nc6 3. Bc4 e6 4. d3 Nf6 5. Bg5 Be7 6. Nf3 O-O 7. O-O a6 8. Re1
b5 9. Bb3 b4 10. Ne2 d5 11. exd5 exd5 12. Nf4 h6 13. Bxf6 Bxf6 14. Nxd5 Bxb2
15. Rb1 Bd4 16. Nxd4 Nxd4 17. Ne7+ Kh8 18. Nxc8 Qxc8 19. Re7 Qf5 20. Qe1 Qg6
21. Qe4 Qxe4 22. dxe4 f5 23. exf5 Rxf5 24. Rbe1 Raf8 25. f3 Rg5 26. Kf2 Rd8 27.
Re8+ Rxe8 28. Rxe8+ Kh7 29. Bg8+ Kg6 30. Ra8 Re5 31. Rxa6+ Kg5 32. Kg3 Nxc2 33.
f4+ Kf5 34. fxe5 Kxe5 35. Rc6 Kd4 36. Kf2 Ne3 37. g3 c4 38. Ke2 c3 39. Bb3 Nf5
40. Kd1 Kd3 41. a4 Ne3+ 42. Kc1 Nf5 43. Bc2+ Kd4 44. Bxf5 b3 45. Kb1 1-0

[Event "NK AB Meisjes"]
[Site "Chess.com"]
[Date "2020.05.01"]
[Round "1"]
[White "Den Heijer, Rolinde"]
[Black "De Boer, Marit"]
[Result "1-0"]
[WhiteElo "1716"]
[BlackElo "1356"]
[PlyCount "79"]
[EventDate "2020.??.??"]

1. e4 e5 2. Nf3 Nc6 3. Nc3 Nf6 4. Bc4 h6 5. d3 Bc5 6. O-O d6 7. h3 a6 8. Be3
Ba7 9. Ne2 Bd7 10. Ng3 Na5 11. Bb3 Nxb3 12. axb3 O-O 13. Qd2 Bxe3 14. fxe3 Re8
15. Nf5 Bxf5 16. exf5 d5 17. Rad1 Kh8 18. Qb4 b6 19. Qc3 Qe7 20. Rde1 Qd6 21.
d4 Ne4 22. Qd3 exd4 23. exd4 Kg8 24. Ne5 Nf6 25. Qg3 c5 26. Qd3 Rac8 27. Nf3 a5
28. dxc5 bxc5 29. Rd1 d4 30. c3 Rcd8 31. cxd4 cxd4 32. Rfe1 Rxe1+ 33. Rxe1 Qc5
34. Rd1 Kf8 35. Kh2 Kg8 36. Qc4 Qxf5 37. Rxd4 Rxd4 38. Qxd4 Qb5 39. Qc4 Kf8 40.
Qxb5 1-0

[Event "NK AB Meisjes"]
[Site "Chess.com"]
[Date "2020.05.01"]
[Round "1"]
[White "De Zoeten, Cato"]
[Black "Duson, Robin"]
[Result "0-1"]
[WhiteElo "1517"]
[BlackElo "1914"]
[PlyCount "86"]
[EventDate "2020.??.??"]

1. e4 c5 2. Nf3 e6 3. d4 cxd4 4. Nxd4 Nc6 5. Nc3 Qc7 6. g3 a6 7. Bg2 Nf6 8. O-O
h5 9. h3 Bc5 10. Nxc6 bxc6 11. Qf3 h4 12. g4 Bd6 13. Bg5 Be5 14. Rad1 Rb8 15.
Na4 Rb4 16. b3 Nxe4 17. Bc1 d5 18. Rfe1 Nf6 19. Nb2 Bd6 20. Nd3 Rb8 21. Bd2 Ne4
22. Rxe4 dxe4 23. Qxe4 O-O 24. Bc3 c5 25. Qe3 Bb7 26. Qg5 f6 27. Qxh4 Bxg2 28.
Kxg2 Rbd8 29. Re1 e5 30. Re3 Qc6+ 31. Kg1 e4 32. Ne1 Bf4 33. Re2 Rfe8 34. Qh5
Qb5 35. g5 Bxg5 36. h4 Bh6 37. Ng2 Qc6 38. Ne3 Bxe3 39. Rxe3 Rd7 40. Qg6 Qe6
41. h5 Qf7 42. Qg4 Rd5 43. h6 Rg5 0-1

[Event "NK AB Meisjes"]
[Site "Chess.com"]
[Date "2020.05.01"]
[Round "1"]
[White "Veronique, Bogouslavskii"]
[Black "Maris, Evi"]
[Result "1-0"]
[WhiteElo "1873"]
[BlackElo "1507"]
[PlyCount "161"]
[EventDate "2020.??.??"]

1. d4 d5 2. Bf4 Nc6 3. e3 Bf5 4. c3 e6 5. Nf3 Bd6 6. Bg5 Nge7 7. Nbd2 h6 8. Bh4
Qd7 9. Bb5 a6 10. Ba4 b5 11. Bc2 O-O 12. O-O a5 13. Qb1 b4 14. Bxf5 Nxf5 15.
Bg3 Nxg3 16. hxg3 bxc3 17. bxc3 Qe7 18. Qc2 Qf6 19. a3 e5 20. Qa4 Ne7 21. e4
exd4 22. Nxd4 c5 23. N4f3 h5 24. Qc2 d4 25. cxd4 cxd4 26. Qd3 Ng6 27. Nc4 Bc5
28. e5 Qe6 29. Rfe1 Rac8 30. Nxa5 Bb6 31. Nxd4 Qd5 32. Nab3 Rcd8 33. Rad1 Nxe5
34. Qf5 Bxd4 35. Nxd4 Rde8 36. Ne6 Qxe6 37. Qxh5 Qf6 38. Re4 Ng6 39. Red4 Rd8
40. Rxd8 Rxd8 41. Rc1 Qb2 42. Qc5 Qb8 43. a4 Re8 44. a5 Ne7 45. a6 Rc8 46. Qg5
f6 47. Qe3 Rxc1+ 48. Qxc1 Qa8 49. Qc4+ Kh8 50. Qc7 Nd5 51. Qb7 Nc7 52. Qxc7
Qxa6 53. Qd8+ Kh7 54. Qd1 f5 55. Qh5+ Kg8 56. Qxf5 Qa1+ 57. Kh2 Kh8 58. Qh5+
Kg8 59. Qd5+ Kh8 60. f4 Qf6 61. Qg5 Qe6 62. g4 Kg8 63. Qf5 Qe7 64. Qd5+ Kh8 65.
Kg3 Qe3+ 66. Qf3 Qe1+ 67. Kh2 Qh4+ 68. Qh3 Qxh3+ 69. gxh3 Kh7 70. Kg3 g6 71. g5
Kg7 72. Kg4 Kf7 73. h4 Kg7 74. h5 gxh5+ 75. Kxh5 Kh7 76. f5 Kg7 77. g6 Kg8 78.
Kh6 Kh8 79. g7+ Kg8 80. f6 Kf7 81. Kh7 1-0

[Event "NK AB Meisjes"]
[Site "Chess.com"]
[Date "2020.05.01"]
[Round "1"]
[White "Gergin, Isafara"]
[Black "Maris, Lauri"]
[Result "0-1"]
[WhiteElo "1302"]
[BlackElo "1696"]
[PlyCount "140"]
[EventDate "2020.??.??"]

1. e4 e5 2. Nf3 Nc6 3. Bc4 Bc5 4. b4 Bxb4 5. c3 Bc5 6. d4 exd4 7. cxd4 Bb4+ 8.
Bd2 Bxd2+ 9. Qxd2 Nge7 10. Nc3 Ng6 11. O-O O-O 12. Rfe1 Re8 13. Rad1 d6 14. Bb5
Bd7 15. Bc4 Na5 16. Bb3 Nxb3 17. axb3 Bg4 18. Qe3 c6 19. d5 c5 20. h3 Bxf3 21.
Qxf3 Ne5 22. Qg3 a6 23. Ne2 Ng6 24. Nf4 Nxf4 25. Qxf4 Qe7 26. f3 Qe5 27. Qxe5
Rxe5 28. f4 Re7 29. e5 Rae8 30. Re2 dxe5 31. Rde1 e4 32. d6 Rd7 33. Rxe4 Rxe4
34. Rxe4 f6 35. Re6 Kf7 36. f5 g6 37. g4 b5 38. Kf2 a5 39. Ke3 a4 40. bxa4 bxa4
41. Kd2 a3 42. Kc2 a2 43. Kb2 Ra7 44. Ka1 c4 45. Re7+ Rxe7 46. dxe7 Kxe7 47.
Kxa2 gxf5 48. gxf5 Kd6 49. Kb2 Kd5 50. Kc3 Kc5 51. h4 h5 52. Kb2 Kb4 53. Kc2 c3
54. Kc1 Kb3 55. Kb1 Kc4 56. Kc2 Kd4 57. Kc1 Ke4 58. Kc2 Kxf5 59. Kxc3 Kg4 60.
Kd4 Kxh4 61. Ke4 Kg4 62. Ke3 f5 63. Kf2 f4 64. Kg2 f3+ 65. Kf1 Kg3 66. Kg1 h4
67. Kh1 Kf2 68. Kh2 Ke2 69. Kh3 f2 70. Kxh4 f1=Q 0-1

[Event "NK AB Meisjes"]
[Site "Chess.com"]
[Date "2020.05.01"]
[Round "1"]
[White "Waardenburg, Marlinde"]
[Black "Honkoop, Stella"]
[Result "0-1"]
[WhiteElo "1677"]
[BlackElo "1464"]
[PlyCount "134"]
[EventDate "2020.??.??"]

1. e4 c5 2. f4 Nc6 3. Nf3 d6 4. Bc4 e6 5. Nc3 Be7 6. d3 Nf6 7. O-O d5 8. Bb3 a6
9. a4 O-O 10. Qe1 Bd7 11. e5 Ne8 12. Qg3 Nb4 13. Nd1 b5 14. c3 Nxd3 15. Bd2 c4
16. Bc2 Nc5 17. axb5 axb5 18. Rxa8 Qxa8 19. Nd4 Ne4 20. Bxe4 dxe4 21. Ne3 Nc7
22. Ng4 Qd8 23. Rd1 Nd5 24. Kh1 b4 25. cxb4 Nxb4 26. Bxb4 Bxb4 27. Nc6 Qb6 28.
Nxb4 Qxb4 29. Nf6+ Kh8 30. Nxd7 Rd8 31. Qc3 Qb7 32. Qd2 e3 33. Qxe3 Rxd7 34.
Rxd7 Qxd7 35. h3 h6 36. Qe4 Qb5 37. Qa8+ Kh7 38. Qa3 Qd5 39. Qe7 Qe4 40. Qxf7
Qb1+ 41. Kh2 Qxb2 42. Qxe6 c3 43. Qf5+ Kg8 44. e6 Qe2 45. Qf7+ Kh7 46. e7 c2
47. e8=Q Qxe8 48. Qxe8 c1=Q 49. Qe4+ Kg8 50. Qf5 Qc7 51. Qg4 Qd6 52. Qg3 Qf6
53. Qg4 Qd6 54. Qf5 Qb8 55. Qe5 Qf8 56. f5 Qd8 57. Qf4 Qf6 58. Kg3 Qc3+ 59. Qf3
Qe5+ 60. Kg4 Qf6 61. Qf4 Kh8 62. g3 Kg8 63. h4 Qc3 64. Qb8+ Kh7 65. Kh5 Qf3+
66. g4 Qc6 67. g5 Qf3# 0-1

[Event "NK AB Meisjes"]
[Site "Chess.com"]
[Date "2020.05.01"]
[Round "2"]
[White "Gergin, Isafara"]
[Black "De Zoeten, Cato"]
[Result "0-1"]
[WhiteElo "1298"]
[BlackElo "1528"]
[PlyCount "66"]
[EventDate "2020.??.??"]

1. e4 c5 2. Nf3 d6 3. d4 cxd4 4. Nxd4 Nf6 5. Nc3 a6 6. Bg5 e6 7. Bd3 Be7 8. O-O
O-O 9. Qd2 Qc7 10. Rfe1 Nbd7 11. h4 Ne5 12. h5 Nxh5 13. Bxe7 Qxe7 14. f4 Nxd3
15. cxd3 Qh4 16. f5 exf5 17. exf5 Qxd4+ 18. Qe3 Qxe3+ 19. Rxe3 Bxf5 20. Rae1
Nf6 21. Ne4 Nxe4 22. dxe4 Bg6 23. e5 dxe5 24. Rxe5 f6 25. Re7 Rfe8 26. Rxe8+
Rxe8 27. Rxe8+ Bxe8 28. Kf2 Kf7 29. Ke3 Ke6 30. Ke4 Bc6+ 31. Kf4 Bxg2 32. Kg3
Bd5 33. Kf4 Bxa2 0-1

[Event "NK AB Meisjes"]
[Site "Chess.com"]
[Date "2020.05.01"]
[Round "2"]
[White "Maris, Lauri"]
[Black "Warnaar, Alisha"]
[Result "0-1"]
[WhiteElo "1693"]
[BlackElo "2409"]
[PlyCount "74"]
[EventDate "2020.??.??"]

1. e4 c5 2. g3 d5 3. Bg2 dxe4 4. Bxe4 Nf6 5. Bg2 e6 6. Nc3 Bd6 7. d3 O-O 8. Nf3
Nc6 9. O-O h6 10. Bd2 a6 11. Re1 Qc7 12. Ne4 Nxe4 13. Rxe4 b5 14. Re1 Bb7 15.
Bc3 b4 16. Bd2 Rfd8 17. Qe2 Nd4 18. Nxd4 cxd4 19. Bxb7 Qxb7 20. Qe4 Qxe4 21.
Rxe4 Be7 22. Bf4 Rac8 23. Re2 g5 24. Be5 f6 25. Bxf6 Bxf6 26. Rxe6 Kf7 27. Re2
Re8 28. Rxe8 Rxe8 29. Kf1 Rc8 30. Rc1 g4 31. Ke1 Bg5 32. f4 gxf3 33. Rd1 Rxc2
34. Rb1 Rxh2 35. Kd1 Rh1+ 36. Kc2 Rxb1 37. Kxb1 f2 0-1

[Event "NK AB Meisjes"]
[Site "Chess.com"]
[Date "2020.05.01"]
[Round "2"]
[White "Hofstra, Tetske"]
[Black "Den Heijer, Rolinde"]
[Result "0-1"]
[WhiteElo "796"]
[BlackElo "1716"]
[PlyCount "70"]
[EventDate "2020.??.??"]

1. e4 c5 2. d3 d6 3. Nc3 g6 4. Nf3 Bg7 5. Be3 e6 6. d4 cxd4 7. Bxd4 Nf6 8. Bxf6
Bxf6 9. Be2 O-O 10. O-O Nc6 11. Nb5 Bxb2 12. Rb1 Bg7 13. Qxd6 Qxd6 14. Nxd6 Rb8
15. Bb5 Rd8 16. Nc4 Bd7 17. Bxc6 Bxc6 18. Rfe1 a6 19. h3 Ba4 20. Ne3 Bh6 21. c3
Bg7 22. Rec1 Rd3 23. Ne1 Rxc3 24. Rxc3 Bxc3 25. Nd3 Bd4 26. Nc4 Bc2 27. Rc1
Bxd3 28. Nd6 Be5 29. Nc4 Rc8 30. f3 Rxc4 31. Rd1 Bc2 32. Re1 Bg3 33. Re2 Ba4
34. Kf1 Rc1+ 35. Re1 Rxe1# 0-1

[Event "NK AB Meisjes"]
[Site "Chess.com"]
[Date "2020.05.01"]
[Round "2"]
[White "Bertholee, Arjuna"]
[Black "Waardenburg, Marlinde"]
[Result "0-1"]
[WhiteElo "1373"]
[BlackElo "1684"]
[PlyCount "96"]
[EventDate "2020.??.??"]

1. e4 Nf6 2. Nc3 d5 3. exd5 Nxd5 4. Bc4 Nxc3 5. bxc3 Nc6 6. d4 e6 7. Nf3 Be7 8.
O-O O-O 9. Re1 Bf6 10. Bf4 Na5 11. Bb3 c5 12. Be5 Be7 13. Qd2 a6 14. Rad1 c4
15. d5 cxb3 16. cxb3 exd5 17. Qxd5 Qxd5 18. Rxd5 Nc6 19. Bd6 Bxd6 20. Rxd6 h6
21. Ne5 Nxe5 22. Rxe5 Be6 23. f4 Rfd8 24. Rxd8+ Rxd8 25. f5 Bd5 26. c4 Bc6 27.
b4 Rd1+ 28. Kf2 Rd2+ 29. Ke1 Rxa2 30. b5 axb5 31. cxb5 Bxg2 32. Re8+ Kh7 33.
Re7 f6 34. h4 Rb2 35. h5 Rxb5 36. Kf2 Bc6 37. Kg3 Rxf5 38. Kh4 Rd5 39. Kg4 Re5
40. Rf7 b5 41. Rc7 Be4 42. Kf4 b4 43. Kg4 b3 44. Kh4 b2 45. Kh3 b1=Q 46. Kh4
Qh1+ 47. Kg4 Qf3+ 48. Kh4 Rxh5# 0-1

[Event "NK AB Meisjes"]
[Site "Chess.com"]
[Date "2020.05.01"]
[Round "2"]
[White "Duson, Robin"]
[Black "Basa, Manasvita"]
[Result "1-0"]
[WhiteElo "1917"]
[BlackElo "1648"]
[PlyCount "87"]
[EventDate "2020.??.??"]

1. d4 d5 2. c4 e6 3. Nc3 Be7 4. cxd5 exd5 5. Bf4 c6 6. e3 Nf6 7. Bd3 O-O 8. Qc2
Re8 9. Nf3 Nbd7 10. O-O Nf8 11. h3 Ng6 12. Bh2 Bd6 13. Bxd6 Qxd6 14. Rab1 a5
15. a3 b6 16. b4 axb4 17. axb4 Bd7 18. b5 c5 19. dxc5 bxc5 20. Rfd1 Reb8 21.
Bc4 Be6 22. Bxd5 Bxd5 23. e4 Bxe4 24. Nxe4 Qb6 25. Nxf6+ Qxf6 26. Qxc5 Rc8 27.
Qd4 Qxd4 28. Nxd4 Rab8 29. Nc6 Rb6 30. Rd6 Kf8 31. Rd8+ Rxd8 32. Nxd8 Ke7 33.
Nc6+ Kd6 34. Rd1+ Kc5 35. Nd8 Rxb5 36. Nxf7 Rb2 37. Ng5 h6 38. Ne6+ Kc6 39.
Nxg7 Nf4 40. Nf5 h5 41. Ne3 Ne2+ 42. Kf1 Nf4 43. Rc1+ Kd6 44. Nc4+ 1-0

[Event "NK AB Meisjes"]
[Site "Chess.com"]
[Date "2020.05.01"]
[Round "2"]
[White "Maris, Evi"]
[Black "Feng, Elysia"]
[Result "0-1"]
[WhiteElo "1494"]
[BlackElo "1295"]
[PlyCount "156"]
[EventDate "2020.??.??"]

1. e4 e5 2. Nf3 Nc6 3. Bc4 Bc5 4. Nc3 Nf6 5. d3 h6 6. h3 d6 7. Be3 Bb6 8. O-O
O-O 9. Ne2 Be6 10. Bb5 a6 11. Ba4 Ne7 12. c3 Ng6 13. Bc2 c6 14. Ng3 Qc7 15. d4
exd4 16. cxd4 Rad8 17. Rc1 Rfe8 18. a3 Bc4 19. Re1 Be6 20. Bd3 Qb8 21. b4 Ba7
22. a4 Bd7 23. Rb1 b5 24. axb5 axb5 25. Rc1 Bb6 26. Nf5 Be6 27. Rxc6 Qb7 28.
Rc1 Nxe4 29. Ng3 Nxg3 30. fxg3 Rc8 31. Bxb5 Rxc1 32. Qxc1 Rc8 33. Qa1 Bd5 34.
Ba6 Qb8 35. Bxc8 Qxc8 36. Nd2 Qb7 37. Re2 Bc7 38. Qb1 Qb5 39. Rf2 Kh7 40. h4
Kg8 41. h5 Nf8 42. Qf5 Qb7 43. Nf3 Be6 44. Qd3 Nh7 45. b5 Bb6 46. d5 Bxe3 47.
Qxe3 Qxd5 48. b6 Qb7 49. Rc2 Nf6 50. Rc7 Qb8 51. Re7 Nd5 52. Qd4 Nxe7 53. Nd2
Nf5 54. Qf2 d5 55. g4 Nd6 56. Nb3 Nc4 57. Qd4 Qxb6 58. Qxb6 Nxb6 59. Nd4 Bxg4
60. Kf2 Bxh5 61. g3 Bg6 62. Ke3 Kf8 63. g4 Ke7 64. Kf4 Kd6 65. Nb5+ Kc5 66. Nc3
d4 67. Ne2 Nd5+ 68. Kf3 Kc4 69. Kf2 d3 70. Nc1 Kc3 71. Ke1 d2+ 72. Ke2 dxc1=Q
73. g5 Qd2+ 74. Kf3 Bh5+ 75. Kg3 Qf4+ 76. Kh3 Qg4+ 77. Kh2 Ne3 78. gxh6 Qg2#
0-1

[Event "NK AB Meisjes"]
[Site "Chess.com"]
[Date "2020.05.01"]
[Round "2"]
[White "Arnold, Kiri"]
[Black "Honkoop, Stella"]
[Result "1-0"]
[WhiteElo "1909"]
[BlackElo "1447"]
[PlyCount "101"]
[EventDate "2020.??.??"]

1. e4 c5 2. Nc3 Nc6 3. Nf3 e5 4. Bc4 Be7 5. d3 Nf6 6. O-O O-O 7. Re1 a6 8. Nd5
b5 9. Nxe7+ Qxe7 10. Bb3 a5 11. c3 d6 12. Bg5 a4 13. Bd5 Bd7 14. Nh4 h6 15. Ng6
Qd8 16. Nxf8 Kxf8 17. Bxf6 Qxf6 18. Qh5 Rc8 19. Re3 Nd8 20. Rf3 Qe7 21. Re1 Be6
22. Rg3 c4 23. dxc4 bxc4 24. Rf1 Bxd5 25. exd5 Rc5 26. Qd1 Rc7 27. Qxa4 Nb7 28.
Qa8+ Nd8 29. Qa4 Nb7 30. h3 Qd8 31. Qc2 Kg8 32. f4 Re7 33. f5 e4 34. f6 Re5 35.
Rxg7+ Kh8 36. Qd2 Rg5 37. Rxg5 hxg5 38. Qxg5 Qg8 39. Qh6+ Qh7 40. Qxh7+ Kxh7
41. g4 Kg6 42. Rf4 Nc5 43. h4 e3 44. Kf1 Nd3 45. Rf5 Ne5 46. Rg5+ Kxf6 47. Ke2
Ke7 48. Rxe5+ dxe5 49. Kxe3 f6 50. Ke4 Kf7 51. a4 1-0

[Event "NK AB Meisjes"]
[Site "Chess.com"]
[Date "2020.05.01"]
[Round "2"]
[White "Van Essen, Marieke"]
[Black "De Boer, Marit"]
[Result "0-1"]
[WhiteElo "1537"]
[BlackElo "1377"]
[PlyCount "102"]
[EventDate "2020.??.??"]

1. e4 e5 2. Nf3 Nc6 3. d4 exd4 4. Bc4 Be7 5. c3 dxc3 6. Qd5 Nh6 7. Bxh6 Rf8 8.
Bxg7 d6 9. Bxf8 Be6 10. Bxe7 Bxd5 11. Bxd8 cxb2 12. exd5 bxa1=Q 13. O-O Kxd8
14. dxc6 bxc6 15. Bxf7 Rb8 16. Nbd2 Qg7 17. Bb3 Kd7 18. Re1 c5 19. h3 c6 20.
Be6+ Kc7 21. Bg4 Rg8 22. Nh4 Qc3 23. Ndf3 Qc2 24. Re7+ Kb6 25. Be6 Rd8 26. Bb3
Qc1+ 27. Kh2 c4 28. Re1 Qc3 29. Bd1 Qb4 30. Bc2 h6 31. Rb1 a5 32. Rxb4+ axb4
33. Nf5 h5 34. Nd2 d5 35. Ng3 Kb5 36. Nxh5 d4 37. Nf4 c5 38. Ne4 c3 39. h4 c4
40. h5 d3 41. Bd1 c2 42. Bxc2 dxc2 43. Ne2 b3 44. axb3 cxb3 45. N4c3+ Kc4 46.
g4 b2 47. h6 c1=Q 48. Nxc1 bxc1=Q 49. h7 Qh6+ 50. Kg3 Qxh7 51. Ne2 Qd3+ 0-1

[Event "NK AB Meisjes"]
[Site "Chess.com"]
[Date "2020.05.01"]
[Round "2"]
[White "Cordes, Jule"]
[Black "Veronique, Bogouslavskii"]
[Result "1-0"]
[WhiteElo "1722"]
[BlackElo "1649"]
[PlyCount "109"]
[EventDate "2020.??.??"]

1. d4 Nf6 2. c4 g6 3. Nc3 Bg7 4. Nf3 d6 5. Bg5 Nbd7 6. e3 b6 7. Be2 Bb7 8. O-O
O-O 9. a3 c5 10. d5 a6 11. e4 h6 12. Bh4 g5 13. Bg3 Nh5 14. Qc2 Nxg3 15. hxg3
Ne5 16. Rfe1 Qc7 17. Qb3 Bc8 18. Nxe5 Bxe5 19. Bd3 Rb8 20. Ne2 f5 21. Qc2 fxe4
22. Bxe4 e6 23. Rad1 Qf7 24. Rf1 Kg7 25. Nc1 Bb7 26. dxe6 Bxe4 27. Qxe4 Qxe6
28. Nd3 Rf5 29. Kh1 Rbf8 30. Kg1 Kg6 31. g4 Kg7 32. gxf5 Rxf5 33. Nxe5 Rxe5 34.
Qb7+ Kg6 35. Qc7 Qf7 36. Rxd6+ Re6 37. Qxf7+ Kxf7 38. Rxe6 Kxe6 39. Re1+ Kd6
40. Re8 h5 41. Rg8 g4 42. Rh8 b5 43. cxb5 axb5 44. Rxh5 Kc6 45. Kh2 g3+ 46.
Kxg3 Kb6 47. Kf4 c4 48. Ke4 Ka5 49. Kd4 Ka4 50. Kc3 Ka5 51. f4 Ka4 52. f5 b4+
53. axb4 Kb5 54. f6+ Ka4 55. Ra5# 1-0

[Event "NK AB Meisjes"]
[Site "Chess.com"]
[Date "2020.05.01"]
[Round "2"]
[White "Verheij, Dana"]
[Black "Velasco, Kathleen"]
[Result "1-0"]
[WhiteElo "1699"]
[BlackElo "1477"]
[PlyCount "137"]
[EventDate "2020.??.??"]

1. e4 e5 2. Nf3 Nc6 3. Bc4 Bc5 4. c3 Nf6 5. d4 exd4 6. e5 d5 7. Bb5 Ne4 8. cxd4
Bb4+ 9. Bd2 Nxd2 10. Nbxd2 Bg4 11. Qb3 Bxd2+ 12. Nxd2 Qd7 13. O-O a6 14. Bxc6
Qxc6 15. Rac1 Qb6 16. Qxd5 O-O 17. Ne4 Be6 18. Qc5 Qxc5 19. Rxc5 Rac8 20. Rfc1
Bxa2 21. Nd6 Rb8 22. Rxc7 Bd5 23. R1c5 Bc6 24. d5 Bb5 25. Nxb5 axb5 26. Rxb5
Rfc8 27. d6 Ra8 28. h3 Rd8 29. Rbxb7 Ra1+ 30. Kh2 Re1 31. Re7 Re2 32. d7 Kf8
33. Re8+ Rxe8 34. dxe8=Q+ Kxe8 35. f4 Re3 36. b4 h6 37. Kg1 g5 38. fxg5 hxg5
39. Rb5 Rb3 40. Kf2 Ke7 41. Rb6 Rc3 42. Ke2 Rg3 43. Kf2 Rd3 44. g3 Rd5 45. Ke3
Rxe5+ 46. Kd4 Rf5 47. b5 Rf3 48. h4 gxh4 49. gxh4 Rf4+ 50. Ke5 Rxh4 51. Rb7+
Kf8 52. b6 Rh6 53. Kd5 Ke8 54. Kc5 Kd8 55. Rxf7 Rh5+ 56. Kd6 Rh6+ 57. Kc5 Rh5+
58. Kb4 Kc8 59. Rc7+ Kb8 60. Rc5 Rh4+ 61. Kb5 Rh6 62. Ka6 Re6 63. Rd5 Kc8 64.
Rh5 Re8 65. Ka7 Re7+ 66. Ka8 Re8 67. Rh7 Re5 68. b7+ Kd8 69. b8=Q# 1-0

[Event "NK AB Meisjes"]
[Site "Chess.com"]
[Date "2020.05.01"]
[Round "3"]
[White "De Zoeten, Cato"]
[Black "Hofstra, Tetske"]
[Result "1-0"]
[WhiteElo "1530"]
[BlackElo "785"]
[PlyCount "85"]
[EventDate "2020.??.??"]

1. e4 e5 2. Nf3 Nc6 3. Bb5 d6 4. d4 Nf6 5. dxe5 Nxe4 6. Qd5 Bd7 7. Qxe4 a6 8.
exd6+ Be7 9. Bxc6 Bxc6 10. Qxe7+ Qxe7+ 11. dxe7 Kxe7 12. O-O Rhe8 13. Re1+ Kf8
14. Rxe8+ Rxe8 15. Nc3 g5 16. Bxg5 b5 17. Re1 Rc8 18. Bh6+ Kg8 19. Nd4 Bd7 20.
Re5 f5 21. Nxf5 Bxf5 22. Rxf5 Re8 23. h3 c6 24. Ne4 a5 25. Nf6+ Kf7 26. Nxe8+
Kxe8 27. Rf6 Ke7 28. Rxc6 Kd7 29. Rb6 b4 30. Rb5 Kc6 31. Rxa5 Kb6 32. Ra4 Kb5
33. Ra8 Kc5 34. Bf8+ Kb5 35. Rb8+ Kc6 36. Rxb4 Kd5 37. a4 h5 38. a5 h4 39. Rxh4
Kc6 40. Rb4 Kc7 41. a6 Kd7 42. a7 Ke6 43. a8=Q 1-0

[Event "NK AB Meisjes"]
[Site "Chess.com"]
[Date "2020.05.01"]
[Round "3"]
[White "Feng, Elysia"]
[Black "Van Essen, Marieke"]
[Result "1-0"]
[WhiteElo "1308"]
[BlackElo "1523"]
[PlyCount "71"]
[EventDate "2020.??.??"]

1. e4 e5 2. Nf3 Nc6 3. Bb5 a6 4. Bxc6 dxc6 5. O-O Bd6 6. d4 exd4 7. Qxd4 f6 8.
Re1 Ne7 9. e5 fxe5 10. Nxe5 Bf5 11. Bg5 O-O 12. Qc4+ Kh8 13. Nf7+ Rxf7 14. Qxf7
Bg6 15. Qe6 Qg8 16. Bxe7 Re8 17. Qd7 Bxe7 18. Rxe7 Rd8 19. Qg4 Bxc2 20. Nc3 Qf8
21. Rae1 Bg6 22. Rxc7 b5 23. Rxc6 b4 24. Ne2 Qe7 25. Re6 Qa7 26. Nf4 Rf8 27.
Qg3 Qd7 28. Nxg6+ hxg6 29. Qxg6 Qd2 30. Qg3 Kg8 31. Re7 Rf7 32. Re8+ Rf8 33.
Qb3+ Kh7 34. Qh3+ Kg8 35. Rxf8+ Kxf8 36. Qe3 1-0

[Event "NK AB Meisjes"]
[Site "Chess.com"]
[Date "2020.05.01"]
[Round "3"]
[White "Den Heijer, Rolinde"]
[Black "Duson, Robin"]
[Result "0-1"]
[WhiteElo "1712"]
[BlackElo "1921"]
[PlyCount "104"]
[EventDate "2020.??.??"]

1. e4 c5 2. Nf3 e6 3. d4 cxd4 4. Nxd4 Nc6 5. Be3 Nf6 6. f3 d5 7. Nxc6 bxc6 8.
exd5 cxd5 9. Bb5+ Bd7 10. Bxd7+ Qxd7 11. O-O Bd6 12. Nc3 O-O 13. Bg5 Be5 14.
Qd2 Qc7 15. Bxf6 Bxf6 16. Rab1 Rfc8 17. Kh1 g6 18. Rf2 Bxc3 19. Qxc3 Qxc3 20.
bxc3 Rxc3 21. Rb3 Rac8 22. Rb2 a5 23. h3 a4 24. Kh2 a3 25. Rb3 Rxb3 26. cxb3
Rc1 27. Rd2 Rb1 28. Rc2 Rb2 29. Rc8+ Kg7 30. Ra8 Rxa2 31. b4 Rb2 32. Rxa3 Rxb4
33. Rd3 Kf6 34. Kg3 h5 35. Kf2 h4 36. Rd2 Kf5 37. Ke3 g5 38. Rc2 e5 39. Rd2 d4+
40. Kd3 f6 41. Re2 Kf4 42. Re4+ Kg3 43. Rg4+ Kh2 44. Ke2 Rb2+ 45. Kf1 d3 46.
Ke1 Rxg2 47. Rxg2+ Kxg2 48. Kd2 Kxf3 49. Kxd3 e4+ 50. Kd2 e3+ 51. Ke1 e2 52.
Kd2 Kf2 0-1

[Event "NK AB Meisjes"]
[Site "Chess.com"]
[Date "2020.05.01"]
[Round "3"]
[White "De Boer, Marit"]
[Black "Waardenburg, Marlinde"]
[Result "0-1"]
[WhiteElo "1373"]
[BlackElo "1691"]
[PlyCount "64"]
[EventDate "2020.??.??"]

1. c4 e5 2. g3 Nc6 3. Bg2 f5 4. Nc3 Nf6 5. d3 d6 6. b3 Be7 7. Bb2 O-O 8. e3 a6
9. Nge2 Qe8 10. d4 Ng4 11. Nd5 Bd8 12. h3 Nf6 13. Nxf6+ Bxf6 14. O-O Qh5 15.
Kh2 Ne7 16. dxe5 dxe5 17. Ng1 Qh6 18. Rb1 Rb8 19. Nf3 Ng6 20. Qd5+ Kh8 21. Rfd1
c6 22. Qd2 Be6 23. Qe2 Rbe8 24. Rd2 f4 25. g4 Bxg4 26. Kg1 Bxh3 27. Bxh3 Qxh3
28. Ne1 Nh4 29. f3 fxe3 30. Rd3 Qg3+ 31. Ng2 Nxf3+ 32. Kh1 Qh2# 0-1

[Event "NK AB Meisjes"]
[Site "Chess.com"]
[Date "2020.05.01"]
[Round "3"]
[White "Veronique, Bogouslavskii"]
[Black "Bertholee, Arjuna"]
[Result "1-0"]
[WhiteElo "1694"]
[BlackElo "1366"]
[PlyCount "98"]
[EventDate "2020.??.??"]

1. d4 d5 2. c4 e6 3. Nc3 Bb4 4. Qc2 Nf6 5. a3 Bxc3+ 6. bxc3 Nc6 7. Bg5 b6 8.
Nf3 Bb7 9. e3 h6 10. Bh4 g5 11. Bg3 Ne4 12. cxd5 exd5 13. c4 Nxg3 14. hxg3 Qd7
15. cxd5 Qxd5 16. Bc4 Qa5+ 17. Ke2 g4 18. Nd2 O-O-O 19. Bxf7 Ba6+ 20. Bc4 Rde8
21. Bxa6+ Qxa6+ 22. Qc4 Qxc4+ 23. Nxc4 Nxd4+ 24. Kd3 Nb3 25. Rad1 Rd8+ 26. Ke2
Nc5 27. Ne5 Rxd1 28. Rxd1 Rd8 29. Rxd8+ Kxd8 30. Nf7+ Ke7 31. Nxh6 a5 32. Nxg4
b5 33. Ne5 b4 34. axb4 a4 35. bxc5 a3 36. Nc6+ Kd7 37. Nb4 c6 38. Kd3 Ke6 39.
Kc3 a2 40. Nxa2 Kd5 41. g4 Kxc5 42. g5 Kb5 43. Nb4 c5 44. Nd3 c4 45. Ne5 Kc5
46. Nxc4 Kd5 47. g6 Ke6 48. f4 Kf6 49. Ne5 Kf5 1-0